[Event "Lidkoping Open 2019"]
[Site "Lidkoping"]
[Date "2019.08.25"]
[Round "6.4"]
[White "Nygren, Kim"]
[Black "Mattsson, Michael"]
[Result "1-0"]
[WhiteElo "2171"]
[BlackElo "2011"]
[Annotator "ChessBase"]
[PlyCount "71"]
[EventDate "2019.08.19"]
[EventType "swiss"]
[EventCountry "SWE"]
[SourceTitle "playchess.com"]
[Source "ChessBase"]
[SourceQuality "1"]
[TimeControl "2700+10"]

1. e4 {[%emt 0:02:51]} e5 {[%emt 0:00:00]} 2. Nf3 {[%emt 0:00:03]} Nc6 {[%emt 0:00:00]} 3. Bb5 {[%emt 0:00:02]} a6 {[%emt 0:00:00]} 4. Ba4 {[%emt 0:00:02]} Nf6 {[%emt 0:00:00]} 5. O-O {[%emt 0:00:05]} b5 {[%emt 0:00:09]} 6. Bb3 {[%emt 0:00:02]} Be7 {[%emt 0:00:01]} 7. Re1 {[%emt 0:00:03]} O-O {[%emt 0:00:03]} 8. a4 {[%emt 0:00:46]} b4 {[%emt 0:00:01]} 9. d3 {[%emt 0:00:17]} d6 {[%emt 0:00:09]} 10. h3 {[%emt 0:00:04]} Na5 {[%emt 0:00:13]} 11. Nbd2 {[%emt 0:00:16]} Nxb3 {[%emt 0:03:21]} 12. Nxb3 {[%emt 0:01:15]} c5 {[%emt 0:02:27]} 13. Nh2 {[%emt 0:00:50]} Be6 {[%emt 0:02:29]} 14. f4 {[%emt 0:03:13]} Bxb3 {[%emt 0:03:08]} 15. cxb3 {[%emt 0:00:14]} Kh8 {[%emt 0:04:31]} 16. Qf3 {[%emt 0:03:23]} Nd7 {[%emt 0:01:44]} 17. f5 {[%emt 0:01:16]} Bg5 {[%emt 0:00:18]} 18. Be3 {[%emt 0:00:21]} Bxe3+ {[%emt 0:00:24]} 19. Rxe3 {[%emt 0:00:03]} f6 {[%emt 0:01:33]} 20. Kh1 {[%emt 0:02:25]} Nb8 {[%emt 0:00:07]} 21. g4 {[%emt 0:00:16]} Nc6 {[%emt 0:00:02]} 22. Rg1 {[%emt 0:00:19]} Qe7 {[%emt 0:04:57]} 23. Qf2 {[%emt 0:02:14]} g5 {[%emt 0:01:12]} 24. fxg6 {[%emt 0:00:41]} hxg6 {[%emt 0:00:03]} 25. h4 {[%emt 0:00:56]} Ra7 {[%emt 0:02:45]} 26. Rh3 {[%emt 0:00:15]} Qe6 {[%emt 0:00:20]} 27. Qe3 {[%emt 0:02:56]} Rh7 {[%emt 0:00:38]} 28. g5 {[%emt 0:01:25]} f5 {[%emt 0:05:37]} 29. exf5 {[%emt 0:00:04]} gxf5 {[%emt 0:00:50]} 30. g6 {[%emt 0:00:23]} f4 {[%emt 0:00:37]} 31. Qf3 {[%emt 0:01:05]} Nd4 {[%emt 0:00:14]} 32. Qg2 {[%emt 0:00:02]} Rg7 {[%emt 0:02:36]} 33. h5 {[%emt 0:00:03]} Rfg8 {[%emt 0:00:52]} 34. Qg5 {[%emt 0:01:41]} Rh7 {[%emt 0:04:51]} 35. h6 {[%emt 0:02:16]} Qxh3 {[%emt 0:00:23]} 36. g7+ {[%emt 0:00:33]} 1-0

[Event "Lidkoping Open 2019"]
[Site "Lidkoping"]
[Date "2019.08.25"]
[Round "6.5"]
[White "Nordstrom, Felix"]
[Black "Andersson, Fredrik"]
[Result "0-1"]
[WhiteElo "2060"]
[BlackElo "2264"]
[Annotator "ChessBase"]
[PlyCount "80"]
[EventDate "2019.08.19"]
[EventType "swiss"]
[EventCountry "SWE"]
[SourceTitle "playchess.com"]
[Source "ChessBase"]
[SourceQuality "1"]
[TimeControl "2700+10"]

1. d4 {[%emt 0:00:09]} Nf6 {[%emt 0:00:00]} 2. c4 {[%emt 0:00:05]} g6 {[%emt 0:00:00]} 3. Nc3 {[%emt 0:00:02]} Bg7 {[%emt 0:00:00]} 4. e4 {[%emt 0:00:02]} d6 {[%emt 0:00:00]} 5. Nf3 {[%emt 0:01:10]} O-O {[%emt 0:00:02]} 6. Be2 {[%emt 0:00:09]} e5 {[%emt 0:00:10]} 7. Be3 {[%emt 0:00:42]} Ng4 {[%emt 0:00:39]} 8. Bg5 {[%emt 0:00:12]} f6 {[%emt 0:00:09]} 9. Bh4 {[%emt 0:00:08]} g5 {[%emt 0:00:30]} 10. Bg3 {[%emt 0:00:10]} Nh6 {[%emt 0:00:45]} 11. d5 {[%emt 0:01:50]} Nd7 {[%emt 0:00:42]} 12. Nd2 {[%emt 0:01:40]} f5 {[%emt 0:01:51]} 13. f3 {[%emt 0:02:11]} Nf6 {[%emt 0:02:09]} 14. exf5 {[%emt 0:02:04]} Nxf5 {[%emt 0:00:23]} 15. Bf2 {[%emt 0:00:51]} Nd4 {[%emt 0:07:28]} 16. Nde4 {[%emt 0:02:02]} Nxe4 {[%emt 0:01:54]} 17. Nxe4 {[%emt 0:01:27]} Bf5 {[%emt 0:01:10]} 18. Bd3 {[%emt 0:02:16]} Qe8 {[%emt 0:05:48]} 19. Ng3 {[%emt 0:03:33]} Bg6 {[%emt 0:02:28]} 20. O-O {[%emt 0:01:37]} h5 {[%emt 0:01:14]} 21. Be3 {[%emt 0:09:28]} g4 {[%emt 0:05:14]} 22. fxg4 {[%emt 0:01:56]} Rxf1+ {[%emt 0:00:38]} 23. Nxf1 {[%emt 0:02:25]} hxg4 {[%emt 0:00:22]} 24. Be2 {[%emt 0:01:30]} Nxe2+ {[%emt 0:01:33]} 25. Qxe2 {[%emt 0:00:02]} Qd7 {[%emt 0:00:04]} 26. Ng3 {[%emt 0:01:34]} Re8 {[%emt 0:01:37]} 27. b3 {[%emt 0:02:50]} a6 {[%emt 0:00:07]} 28. Rd1 {[%emt 0:00:44]} b6 {[%emt 0:01:39]} 29. Nf1 {[%emt 0:00:04]} Qf5 {[%emt 0:01:15]} 30. Bf2 {[%emt 0:00:26]} Qg5 {[%emt 0:01:10]} 31. Qd2 {[%emt 0:02:26]} Qf4 {[%emt 0:01:50]} 32. Be3 {[%emt 0:00:23]} Qf7 {[%emt 0:00:22]} 33. Qe2 {[%emt 0:00:13]} Bf5 {[%emt 0:00:11]} 34. Ng3 {[%emt 0:00:09]} Bd7 {[%emt 0:00:04]} 35. c5 {[%emt 0:01:25]} bxc5 {[%emt 0:01:13]} 36. Qxa6 {[%emt 0:00:01]} Qg6 {[%emt 0:00:04]} 37. Qc4 {[%emt 0:01:05]} Rb8 {[%emt 0:00:37]} 38. a3 {[%emt 0:00:28]} Bb5 {[%emt 0:01:29]} 39. Qc1 {[%emt 0:00:16]} Bd3 {[%emt 0:00:16]} 40. b4 {[%emt 0:01:31]} c4 {[%emt 0:04:33]} 0-1

[Event "Lidkoping Open 2019"]
[Site "Lidkoping"]
[Date "2019.08.25"]
[Round "6.6"]
[White "Carlstrom, Niklas"]
[Black "Madebrink, Lars"]
[Result "1-0"]
[WhiteElo "2095"]
[BlackElo "2147"]
[Annotator "NA"]
[PlyCount "59"]
[EventDate "2019.08.19"]
[EventType "swiss"]
[EventCountry "SWE"]
[SourceTitle "playchess.com"]
[Source "ChessBase"]
[SourceQuality "1"]
[TimeControl "2700+10"]

1. e4 {[%emt 0:00:06]} e6 {[%emt 0:00:00]} 2. d4 {[%emt 0:00:08]} d5 {[%emt 0:00:00]} 3. exd5 {[%emt 0:01:28]} Qxd5 {[%emt 0:00:04]} 4. Nf3 {[%emt 0:00:41]} Nf6 {[%emt 0:00:13]} 5. Be2 {[%emt 0:00:35]} Be7 {[%emt 0:00:16]} 6. O-O {[%emt 0:00:21]} O-O {[%emt 0:00:04]} 7. c4 {[%emt 0:00:37]} Qd8 {[%emt 0:00:08]} 8. Nc3 {[%emt 0:00:32]} c5 {[%emt 0:01:54]} 9. d5 {[%emt 0:01:34]} exd5 {[%emt 0:03:07]} 10. cxd5 {[%emt 0:00:04]} a6 {[%emt 0:00:17]} 11. a4 {[%emt 0:00:28]} h6 {[%emt 0:01:06]} 12. Bf4 {[%emt 0:03:18]} Bd6 {[%emt 0:00:16]} 13. Bxd6 {[%emt 0:00:43]} Qxd6 {[%emt 0:00:02]} 14. a5 {[%emt 0:01:20]} Bf5 {[%emt 0:06:56]} 15. Qb3 {[%emt 0:01:16]} Qc7 {[%emt 0:01:42]} 16. Nd2 {[%emt 0:02:50]} Nbd7 {[%emt 0:00:29]} 17. Nc4 {[%emt 0:00:19]} Bg4 {[%emt 0:03:41]} 18. d6 {[%emt 0:07:20]} Qc6 {[%emt 0:00:16]} 19. Bxg4 {[%emt 0:00:42]} Nxg4 {[%emt 0:00:02]} 20. Rad1 {[%emt 0:00:23]} Ngf6 {[%emt 0:02:03]} 21. Ne3 {[%emt 0:03:34]} Rad8 {[%emt 0:03:07]} 22. Nf5 {[%emt 0:01:07]} c4 {[%emt 0:02:58]} 23. Ne7+ {[%emt 0:00:42]} Kh8 {[%emt 0:00:01]} 24. Nxc6 {[%emt 0:00:09]} cxb3 {[%emt 0:00:02]} 25. Nxd8 {[%emt 0:00:12]} Rxd8 {[%emt 0:00:02]} 26. Rfe1 {[%emt 0:00:25]} Kg8 {[%emt 0:00:27]} 27. Nd5 {[%emt 0:02:26]} Ne8 {[%emt 0:00:09]} 28. Re3 {[%emt 0:00:17]} Nc5 {[%emt 0:00:34]} 29. Rc3 {[%emt 0:01:38]} Ne4 {[%emt 0:00:07]} 30. Rc8 {[%emt 0:00:39]} 1-0

[Event "Lidkoping Open 2019"]
[Site "Lidkoping"]
[Date "2019.08.25"]
[Round "6.7"]
[White "Ask, Josef"]
[Black "Johnson, Daniel"]
[Result "0-1"]
[WhiteElo "2136"]
[BlackElo "2201"]
[Annotator "ChessBase"]
[PlyCount "83"]
[EventDate "2019.08.19"]
[EventType "swiss"]
[EventCountry "SWE"]
[SourceTitle "playchess.com"]
[Source "ChessBase"]
[SourceQuality "1"]
[TimeControl "2700+10"]

1. e4 {[%emt 0:00:22]} c5 {[%emt 0:00:05]} 2. d3 {[%emt 0:00:09]} g6 {[%emt 0:02:59]} 3. g3 {[%emt 0:00:14]} Bg7 {[%emt 0:00:18]} 4. Bg2 {[%emt 0:00:07]} Nc6 {[%emt 0:00:23]} 5. Nf3 {[%emt 0:00:19]} e6 {[%emt 0:01:17]} 6. O-O {[%emt 0:00:16]} Nge7 {[%emt 0:00:39]} 7. Re1 {[%emt 0:00:13]} d5 {[%emt 0:01:21]} 8. Nbd2 {[%emt 0:00:48]} O-O {[%emt 0:00:58]} 9. c3 {[%emt 0:01:49]} b5 {[%emt 0:05:58]} 10. a3 {[%emt 0:02:09]} Qb6 {[%emt 0:02:00]} 11. Nb3 {[%emt 0:01:35]} a5 {[%emt 0:07:01]} 12. Be3 {[%emt 0:00:56]} d4 {[%emt 0:00:38]} 13. cxd4 {[%emt 0:00:11]} cxd4 {[%emt 0:00:20]} 14. Bd2 {[%emt 0:01:56]} a4 {[%emt 0:01:01]} 15. Nc1 {[%emt 0:00:05]} e5 {[%emt 0:00:56]} 16. Rf1 {[%emt 0:00:56]} f6 {[%emt 0:03:34]} 17. Nh4 {[%emt 0:00:33]} Be6 {[%emt 0:02:16]} 18. f4 {[%emt 0:00:22]} Bf7 {[%emt 0:02:15]} 19. Nf3 {[%emt 0:01:47]} h6 {[%emt 0:02:42]} 20. h4 {[%emt 0:01:49]} Rac8 {[%emt 0:04:39]} 21. Bh3 {[%emt 0:00:18]} Rc7 {[%emt 0:00:01]} 22. Qe1 {[%emt 0:00:18]} Rb7 {[%emt 0:03:19]} 23. Kh1 {[%emt 0:01:06]} Re8 {[%emt 0:00:30]} 24. Qf2 {[%emt 0:00:10]} Rf8 {[%emt 0:00:58]} 25. Nh2 {[%emt 0:00:19]} Kh7 {[%emt 0:01:09]} 26. Ng4 {[%emt 0:00:34]} Be8 {[%emt 0:00:50]} 27. Qg2 {[%emt 0:00:47]} Bd7 {[%emt 0:01:10]} 28. Na2 {[%emt 0:00:47]} Qd8 {[%emt 0:00:09]} 29. Nb4 {[%emt 0:00:49]} Qc8 {[%emt 0:00:12]} 30. Nf2 {[%emt 0:00:57]} Bxh3 {[%emt 0:00:07]} 31. Nxh3 {[%emt 0:00:01]} Kg8 {[%emt 0:00:14]} 32. Rac1 {[%emt 0:00:46]} Qd7 {[%emt 0:00:10]} 33. Kh2 {[%emt 0:01:23]} Nxb4 {[%emt 0:00:02]} 34. Bxb4 {[%emt 0:00:01]} Rc8 {[%emt 0:00:17]} 35. Rxc8+ {[%emt 0:01:06]} Qxc8 {[%emt 0:00:03]} 36. Qf3 {[%emt 0:00:52]} Nc6 {[%emt 0:00:16]} 37. Bd2 {[%emt 0:00:09]} Qd7 {[%emt 0:00:12]} 38. Nf2 {[%emt 0:00:35]} Rb8 {[%emt 0:00:03]} 39. Ng4 {[%emt 0:00:23]} Rf8 {[%emt 0:00:09]} 40. Rc1 {[%emt 0:00:57]} g5 {[%emt 0:00:08]} 41. hxg5 {[%emt 0:00:28]} hxg5 {[%emt 0:00:05]} 42. f5 {[%emt 0:22:38]} 0-1

[Event "Lidkoping Open 2019"]
[Site "Lidkoping"]
[Date "2019.08.25"]
[Round "6.8"]
[White "Johansson, Stefan"]
[Black "Friberg, Hans"]
[Result "0-1"]
[WhiteElo "2016"]
[BlackElo "2129"]
[Annotator "NA"]
[PlyCount "40"]
[EventDate "2019.08.19"]
[EventType "swiss"]
[EventCountry "SWE"]
[SourceTitle "playchess.com"]
[Source "ChessBase"]
[SourceQuality "1"]
[TimeControl "2700+10"]

1. c4 {[%emt 0:00:00]} e5 {[%emt 0:00:27]} 2. Nc3 {[%emt 0:00:02]} Nf6 {[%emt 0:02:57]} 3. g3 {[%emt 0:00:24]} c6 {[%emt 0:00:42]} 4. d4 {[%emt 0:02:44]} exd4 {[%emt 0:00:41]} 5. Qxd4 {[%emt 0:00:10]} d5 {[%emt 0:00:16]} 6. Bg5 {[%emt 0:04:55]} Be7 {[%emt 0:04:19]} 7. cxd5 {[%emt 0:00:41]} cxd5 {[%emt 0:00:07]} 8. Bg2 {[%emt 0:02:42]} Nc6 {[%emt 0:00:20]} 9. Qd2 {[%emt 0:00:55]} d4 {[%emt 0:05:01]} 10. Bxf6 {[%emt 0:05:01]} Bxf6 {[%emt 0:00:35]} 11. Ne4 {[%emt 0:00:14]} Be7 {[%emt 0:00:32]} 12. Qc2 {[%emt 0:07:31]} Nb4 {[%emt 0:10:48]} 13. Qa4+ {[%emt 0:02:51]} Bd7 {[%emt 0:01:21]} 14. Qb3 {[%emt 0:00:00]} Rc8 {[%emt 0:06:50]} 15. Rd1 {[%emt 0:01:50]} a5 {[%emt 0:01:00]} 16. Kf1 {[%emt 0:03:07]} a4 {[%emt 0:00:27]} 17. Qf3 {[%emt 0:00:02]} Nxa2 {[%emt 0:02:03]} 18. Bh3 {[%emt 0:00:24]} O-O {[%emt 0:01:14]} 19. Kg2 {[%emt 0:00:33]} f5 {[%emt 0:00:57]} 20. Qh5 {[%emt 0:01:43]} g6 {[%emt 0:01:26]} 0-1

[Event "Lidkoping Open 2019"]
[Site "Lidkoping"]
[Date "2019.08.25"]
[Round "6.9"]
[White "Andersen, Dag"]
[Black "Mardell, Jonas"]
[Result "0-1"]
[WhiteElo "1873"]
[BlackElo "2059"]
[Annotator "NA"]
[PlyCount "110"]
[EventDate "2019.08.19"]
[EventType "swiss"]
[EventCountry "SWE"]
[SourceTitle "playchess.com"]
[Source "ChessBase"]
[SourceQuality "1"]
[TimeControl "2700+10"]

1. d4 {[%emt 0:00:00]} d5 {[%emt 0:00:00]} 2. c4 {[%emt 0:00:06]} e6 {[%emt 0:00:02]} 3. Nc3 {[%emt 0:00:12]} Nf6 {[%emt 0:00:02]} 4. cxd5 {[%emt 0:00:32]} Nxd5 {[%emt 0:00:36]} 5. e4 {[%emt 0:00:25]} Nxc3 {[%emt 0:00:02]} 6. bxc3 {[%emt 0:00:08]} c5 {[%emt 0:00:03]} 7. Nf3 {[%emt 0:00:21]} Qa5 {[%emt 0:01:30]} 8. Bd2 {[%emt 0:02:58]} cxd4 {[%emt 0:02:11]} 9. cxd4 {[%emt 0:00:42]} Bb4 {[%emt 0:00:03]} 10. Be2 {[%emt 0:03:33]} Nc6 {[%emt 0:02:53]} 11. Bxb4 {[%emt 0:02:46]} Qxb4+ {[%emt 0:00:09]} 12. Qd2 {[%emt 0:00:18]} O-O {[%emt 0:02:56]} 13. Qxb4 {[%emt 0:01:01]} Nxb4 {[%emt 0:00:03]} 14. O-O {[%emt 0:00:38]} Rd8 {[%emt 0:07:08]} 15. Rfd1 {[%emt 0:02:11]} Bd7 {[%emt 0:03:58]} 16. a3 {[%emt 0:03:23]} Nc6 {[%emt 0:03:14]} 17. h3 {[%emt 0:04:01]} a6 {[%emt 0:02:14]} 18. Rab1 {[%emt 0:00:55]} b5 {[%emt 0:01:01]} 19. d5 {[%emt 0:01:39]} exd5 {[%emt 0:05:08]} 20. Rxd5 {[%emt 0:01:00]} Be6 {[%emt 0:00:35]} 21. Rc5 {[%emt 0:02:37]} Nd4 {[%emt 0:02:01]} 22. Nxd4 {[%emt 0:00:23]} Rxd4 {[%emt 0:00:03]} 23. Bf3 {[%emt 0:01:20]} Rad8 {[%emt 0:00:48]} 24. Rbc1 {[%emt 0:01:05]} g6 {[%emt 0:01:35]} 25. Rc6 {[%emt 0:00:43]} Ra4 {[%emt 0:00:06]} 26. R6c3 {[%emt 0:01:05]} Rd2 {[%emt 0:00:51]} 27. Re3 {[%emt 0:02:40]} Ra2 {[%emt 0:02:04]} 28. Rcc3 {[%emt 0:00:25]} Ra1+ {[%emt 0:00:02]} 29. Kh2 {[%emt 0:00:14]} a5 {[%emt 0:01:39]} 30. Be2 {[%emt 0:04:15]} b4 {[%emt 0:00:41]} 31. axb4 {[%emt 0:00:35]} axb4 {[%emt 0:00:09]} 32. Rcd3 {[%emt 0:00:35]} b3 {[%emt 0:00:38]} 33. Rd8+ {[%emt 0:00:09]} Kg7 {[%emt 0:00:05]} 34. Rb8 {[%emt 0:00:31]} R4a2 {[%emt 0:02:21]} 35. Bg4 {[%emt 0:01:53]} Bc4 {[%emt 0:01:14]} 36. Rc3 {[%emt 0:00:32]} Rc2 {[%emt 0:00:28]} 37. Rcxb3 {[%emt 0:02:14]} Bxb3 {[%emt 0:00:04]} 38. Rxb3 {[%emt 0:00:09]} Rxf2 {[%emt 0:00:03]} 39. Bf3 {[%emt 0:00:13]} Raa2 {[%emt 0:00:36]} 40. Kg3 {[%emt 0:00:16]} h5 {[%emt 0:00:12]} 41. h4 {[%emt 0:00:02]} Rfb2 {[%emt 0:00:14]} 42. Rc3 {[%emt 0:00:13]} Ra7 {[%emt 0:00:18]} 43. Rc6 {[%emt 0:00:11]} Rba2 {[%emt 0:00:10]} 44. Kf4 {[%emt 0:00:49]} f6 {[%emt 0:00:24]} 45. Kg3 {[%emt 0:00:06]} R2a6 {[%emt 0:00:18]} 46. Rc5 {[%emt 0:00:02]} Kh6 {[%emt 0:00:08]} 47. Rc8 {[%emt 0:00:01]} Ra8 {[%emt 0:00:13]} 48. Rc7 {[%emt 0:00:01]} Re8 {[%emt 0:00:17]} 49. Rc5 {[%emt 0:00:06]} g5 {[%emt 0:00:08]} 50. hxg5+ {[%emt 0:00:01]} fxg5 {[%emt 0:00:03]} 51. e5 {[%emt 0:00:40]} Rae6 {[%emt 0:00:22]} 52. Rc7 {[%emt 0:00:43]} Rxe5 {[%emt 0:00:12]} 53. Bc6 {[%emt 0:00:01]} Re3+ {[%emt 0:00:09]} 54. Kh2 {[%emt 0:00:01]} R8e7 {[%emt 0:00:19]} 55. Rc8 {[%emt 0:00:03]} Rc3 {[%emt 0:00:14]} 0-1

[Event "Lidkoping Open 2019"]
[Site "Lidkoping"]
[Date "2019.08.25"]
[Round "6.10"]
[White "Winsnes, Rikard"]
[Black "Strom-Engdahl, Alexander"]
[Result "1-0"]
[WhiteElo "2375"]
[BlackElo "1858"]
[Annotator "ChessBase"]
[PlyCount "61"]
[EventDate "2019.08.19"]
[EventType "swiss"]
[EventCountry "SWE"]
[SourceTitle "playchess.com"]
[Source "ChessBase"]
[SourceQuality "1"]
[TimeControl "2700+10"]

1. e4 {[%emt 0:00:00]} e5 {[%emt 0:00:05]} 2. Nf3 {[%emt 0:00:01]} Nf6 {[%emt 0:00:08]} 3. d4 {[%emt 0:00:35]} Nxe4 {[%emt 0:00:05]} 4. Bd3 {[%emt 0:00:55]} d5 {[%emt 0:00:34]} 5. Nxe5 {[%emt 0:00:06]} Bd6 {[%emt 0:00:59]} 6. O-O {[%emt 0:00:12]} O-O {[%emt 0:00:36]} 7. c4 {[%emt 0:00:18]} c6 {[%emt 0:00:24]} 8. Qc2 {[%emt 0:22:14]} Nd7 {[%emt 0:10:26]} 9. Bxe4 {[%emt 0:02:18]} Nxe5 {[%emt 0:00:44]} 10. dxe5 {[%emt 0:00:15]} Bxe5 {[%emt 0:00:31]} 11. Bxh7+ {[%emt 0:00:19]} Kh8 {[%emt 0:00:04]} 12. Bf5 {[%emt 0:00:16]} Bxf5 {[%emt 0:00:23]} 13. Qxf5 {[%emt 0:00:02]} Qd6 {[%emt 0:00:01]} 14. Qh3+ {[%emt 0:01:42]} Kg8 {[%emt 0:00:02]} 15. Nd2 {[%emt 0:00:20]} Qf6 {[%emt 0:00:16]} 16. Rb1 {[%emt 0:06:00]} Rfe8 {[%emt 0:00:15]} 17. cxd5 {[%emt 0:00:16]} cxd5 {[%emt 0:00:06]} 18. Nf3 {[%emt 0:00:04]} Qg6 {[%emt 0:00:24]} 19. Be3 {[%emt 0:00:38]} Bf6 {[%emt 0:00:10]} 20. Rbd1 {[%emt 0:00:37]} Rad8 {[%emt 0:00:40]} 21. Bd4 {[%emt 0:00:27]} Bxd4 {[%emt 0:01:24]} 22. Rxd4 {[%emt 0:00:23]} Re4 {[%emt 0:00:26]} 23. Rfd1 {[%emt 0:00:23]} Rxd4 {[%emt 0:00:02]} 24. Nxd4 {[%emt 0:00:19]} Re8 {[%emt 0:00:25]} 25. Qf3 {[%emt 0:01:09]} Re4 {[%emt 0:00:10]} 26. h3 {[%emt 0:00:42]} Qb6 {[%emt 0:00:32]} 27. Qc3 {[%emt 0:00:05]} Rf4 {[%emt 0:01:41]} 28. Nf3 {[%emt 0:00:55]} Rb4 {[%emt 0:01:30]} 29. Qc8+ {[%emt 0:00:41]} Kh7 {[%emt 0:00:10]} 30. Rxd5 {[%emt 0:00:02]} g6 {[%emt 0:00:38]} 31. Qf8 {[%emt 0:00:42]} 1-0

[Event "Lidkoping Open 2019"]
[Site "Lidkoping"]
[Date "2019.08.25"]
[Round "6.11"]
[White "Lind, Jan-Olov"]
[Black "Nyberg, Arne"]
[Result "1/2-1/2"]
[WhiteElo "2164"]
[BlackElo "1967"]
[Annotator "ChessBase"]
[PlyCount "150"]
[EventDate "2019.08.19"]
[EventType "swiss"]
[EventCountry "SWE"]
[SourceTitle "playchess.com"]
[Source "ChessBase"]
[SourceQuality "1"]
[TimeControl "2700+10"]

1. e4 {[%emt 0:00:00]} e6 {[%emt 0:00:00]} 2. Nf3 {[%emt 0:00:15]} d5 {[%emt 0:00:00]} 3. Nc3 {[%emt 0:00:19]} c5 {[%emt 0:00:11]} 4. d4 {[%emt 0:00:18]} dxe4 {[%emt 0:00:49]} 5. Nxe4 {[%emt 0:00:08]} cxd4 {[%emt 0:00:17]} 6. Nxd4 {[%emt 0:00:25]} a6 {[%emt 0:01:03]} 7. Bd3 {[%emt 0:03:58]} Bd7 {[%emt 0:02:46]} 8. O-O {[%emt 0:02:07]} Nc6 {[%emt 0:00:09]} 9. Nxc6 {[%emt 0:06:53]} Bxc6 {[%emt 0:00:09]} 10. Qe2 {[%emt 0:01:13]} Be7 {[%emt 0:02:55]} 11. Bf4 {[%emt 0:04:52]} Nf6 {[%emt 0:01:08]} 12. Rad1 {[%emt 0:01:30]} Nxe4 {[%emt 0:01:28]} 13. Bxe4 {[%emt 0:00:05]} Qb6 {[%emt 0:00:03]} 14. Bxc6+ {[%emt 0:01:50]} Qxc6 {[%emt 0:36:22]} 15. Rd3 {[%emt 0:02:36]} O-O {[%emt 0:00:00]} 16. Be5 {[%emt 0:05:51]} g6 {[%emt 0:00:00]} 17. Bc3 {[%emt 0:00:44]} Rad8 {[%emt 0:00:00]} 18. Rh3 {[%emt 0:00:37]} Qd5 {[%emt 0:00:00]} 19. b3 {[%emt 0:04:23]} Rd7 {[%emt 0:00:00]} 20. Ba1 {[%emt 0:01:06]} Qf5 {[%emt 0:00:00]} 21. Rf3 {[%emt 0:01:05]} Qc5 {[%emt 0:00:00]} 22. Rd1 {[%emt 0:00:58]} Rxd1+ {[%emt 0:00:00]} 23. Qxd1 {[%emt 0:00:02]} Rd8 {[%emt 0:00:00]} 24. Rd3 {[%emt 0:00:54]} Rxd3 {[%emt 0:00:00]} 25. cxd3 {[%emt 0:00:02]} f6 {[%emt 0:00:00]} 26. Bb2 {[%emt 0:00:10]} e5 {[%emt 0:00:00]} 27. h4 {[%emt 0:01:01]} Kf7 {[%emt 0:00:00]} 28. Qe2 {[%emt 0:00:14]} Bd6 {[%emt 0:00:00]} 29. g3 {[%emt 0:00:20]} Bc7 {[%emt 0:00:00]} 30. Qe4 {[%emt 0:00:23]} b5 {[%emt 0:00:00]} 31. d4 {[%emt 0:00:15]} exd4 {[%emt 0:00:00]} 32. Bxd4 {[%emt 0:00:04]} Qd6 {[%emt 0:00:00]} 33. Qe3 {[%emt 0:00:31]} Kg7 {[%emt 0:00:00]} 34. Bc5 {[%emt 0:00:22]} Qd1+ {[%emt 0:00:00]} 35. Kg2 {[%emt 0:00:05]} Qd5+ {[%emt 0:00:00]} 36. Kh2 {[%emt 0:00:04]} Bd6 {[%emt 0:00:00]} 37. Bxd6 {[%emt 0:00:20]} Qxd6 {[%emt 0:00:00]} 38. Qa7+ {[%emt 0:00:20]} Kh6 {[%emt 0:00:00]} 39. Qf7 {[%emt 0:01:11]} Qb6 {[%emt 0:00:00]} 40. Kh3 {[%emt 0:00:19]} f5 {[%emt 0:00:00]} 41. Qf8+ {[%emt 0:00:24]} Kh5 {[%emt 0:00:00]} 42. Qf7 {[%emt 0:00:39]} h6 {[%emt 0:00:00]} 43. f3 {[%emt 0:03:17]} Qg1 {[%emt 0:00:13]} 44. g4+ {[%emt 0:00:00]} fxg4+ {[%emt 0:00:02]} 45. fxg4+ {[%emt 0:00:00]} Qxg4+ {[%emt 0:00:02]} 46. Kh2 {[%emt 0:00:00]} Qxh4+ {[%emt 0:00:04]} 47. Kg2 {[%emt 0:00:00]} Qg5+ {[%emt 0:00:01]} 48. Kh2 {[%emt 0:00:00]} Qh4+ {[%emt 0:00:15]} 49. Kg2 {[%emt 0:00:00]} Qe4+ {[%emt 0:00:08]} 50. Kg3 {[%emt 0:00:00]} Qe5+ {[%emt 0:00:17]} 51. Kg2 {[%emt 0:00:00]} Qe4+ {[%emt 0:00:12]} 52. Kg3 {[%emt 0:00:00]} Qe1+ {[%emt 0:00:05]} 53. Kg2 {[%emt 0:00:00]} Qe2+ {[%emt 0:00:22]} 54. Kg3 {[%emt 0:00:00]} Qg4+ {[%emt 0:00:05]} 55. Kh2 {[%emt 0:00:00]} Qf5 {[%emt 0:00:29]} 56. Qe8 {[%emt 0:00:00]} Qf4+ {[%emt 0:00:24]} 57. Kh3 {[%emt 0:00:00]} Qf5+ {[%emt 0:00:03]} 58. Kg3 {[%emt 0:00:13]} Qd3+ {[%emt 0:00:14]} 59. Kg2 {[%emt 0:00:11]} Qd5+ {[%emt 0:00:13]} 60. Kg3 {[%emt 0:00:06]} Qd6+ {[%emt 0:00:07]} 61. Kh3 {[%emt 0:00:11]} Qd3+ {[%emt 0:00:20]} 62. Kg2 {[%emt 0:00:08]} Qc2+ {[%emt 0:00:12]} 63. Kg3 {[%emt 0:00:04]} Qf5 {[%emt 0:00:16]} 64. Qc6 {[%emt 0:00:21]} Qg5+ {[%emt 0:00:13]} 65. Kh3 {[%emt 0:00:10]} Qg4+ {[%emt 0:00:07]} 66. Kh2 {[%emt 0:00:02]} Kh4 {[%emt 0:00:07]} 67. Qxa6 {[%emt 0:00:26]} Qg3+ {[%emt 0:00:10]} 68. Kh1 {[%emt 0:00:01]} h5 {[%emt 0:00:33]} 69. Qxb5 {[%emt 0:00:25]} Qf3+ {[%emt 0:00:23]} 70. Kg1 {[%emt 0:00:07]} g5 {[%emt 0:00:18]} 71. a4 {[%emt 0:00:35]} g4 {[%emt 0:00:07]} 72. Qe5 {[%emt 0:00:14]} Qd1+ {[%emt 0:00:10]} 73. Kg2 {[%emt 0:00:10]} Qf3+ {[%emt 0:00:15]} 74. Kg1 {[%emt 0:00:03]} Qd1+ {[%emt 0:00:01]} 75. Kg2 {[%emt 0:00:01]} Qf3+ {[%emt 0:03:42] Qe2} 1/2-1/2

[Event "Lidkoping Open 2019"]
[Site "Lidkoping"]
[Date "2019.08.25"]
[Round "6.12"]
[White "Magnussen, Pal"]
[Black "Bergre, Joachim"]
[Result "1/2-1/2"]
[WhiteElo "1983"]
[BlackElo "1928"]
[Annotator "NA"]
[PlyCount "42"]
[EventDate "2019.08.19"]
[EventType "swiss"]
[EventCountry "SWE"]
[SourceTitle "playchess.com"]
[Source "ChessBase"]
[SourceQuality "1"]
[TimeControl "2700+10"]

1. e4 {[%emt 0:01:06]} d6 {[%emt 0:00:50]} 2. d4 {[%emt 0:01:57]} g6 {[%emt 0:00:06]} 3. Nc3 {[%emt 0:00:27]} Bg7 {[%emt 0:00:05]} 4. Nf3 {[%emt 0:00:06]} a6 {[%emt 0:00:19]} 5. Be3 {[%emt 0:03:16]} b5 {[%emt 0:00:40]} 6. a3 {[%emt 0:01:59]} Nd7 {[%emt 0:00:51]} 7. Be2 {[%emt 0:01:28]} Bb7 {[%emt 0:00:15]} 8. h3 {[%emt 0:00:58]} Ngf6 {[%emt 0:03:31]} 9. e5 {[%emt 0:01:43]} Nd5 {[%emt 0:03:23]} 10. Nxd5 {[%emt 0:00:58]} Bxd5 {[%emt 0:00:06]} 11. exd6 {[%emt 0:00:14]} cxd6 {[%emt 0:00:37]} 12. O-O {[%emt 0:00:12]} O-O {[%emt 0:00:54]} 13. Qd2 {[%emt 0:01:55]} Nb6 {[%emt 0:05:35]} 14. Rfe1 {[%emt 0:02:22]} Qd7 {[%emt 0:07:27]} 15. Bg5 {[%emt 0:05:31]} Rfe8 {[%emt 0:00:50]} 16. Nh2 {[%emt 0:02:09]} Nc4 {[%emt 0:03:31]} 17. Bxc4 {[%emt 0:01:32]} Bxc4 {[%emt 0:00:32]} 18. Ng4 {[%emt 0:02:31]} Bd5 {[%emt 0:03:33]} 19. Re2 {[%emt 0:04:10]} Bc4 {[%emt 0:02:26]} 20. Ree1 {[%emt 0:00:29]} Bd5 {[%emt 0:00:09]} 21. Re2 {[%emt 0:00:12]} Bc4 {[%emt 0:00:13]} 1/2-1/2